000 00328pab a2200145 454500
008 180718b1986 xxu||||| |||| 00| 0 eng d
100 _aJoshi, P.N.
245 _aProfitability and profit, planning in banks
260 _c1986
300 _a73-80
362 _a12 July
650 _aBanks
773 _aCommerce
909 _a4227
999 _c4227
_d4227